Normal view
MARC view
- Image Processing, Computer Vision
Entry Topical Term
001 - CONTROL NUMBER
- control field: 102604
003 - CONTROL NUMBER IDENTIFIER
- control field: NUST
005 - DATE AND TIME OF LATEST TRANSACTION
- control field: 20221115102456.0
008 - FIXED-LENGTH DATA ELEMENTS
- fixed length control field: 221115|| aca||aabn | a|a d
040 ## - CATALOGING SOURCE
- Original cataloging agency: NUST
- Transcribing agency: NUST
150 ## - HEADING--TOPICAL TERM
- Topical term or geographic name entry element: Image Processing, Computer Vision
670 ## - SOURCE DATA FOUND
- Source citation: Work cat.: (NUST): Sonka, Milan 102603, Image Processing, Analysis and Machine Vision /, 2007
